Ochrana materstva a rodičovstva v pracovnoprávnych vzťahoch

Uznesenie Európskeho parlamentu k ochrane materstva a rodičovstav v pracovnoprávnych vzťahoch. Povinnosti zamestnávateľov. Rodičovská dovolenka.

Saved in:
Bibliographic Details
Main Author: Svitanová, Katarína
Format: Book Chapter
Language:Slovak
Subjects:
Tags: Add Tag
No Tags, Be the first to tag this record!

MARC

LEADER 00000naa$a2200000$$$4500
001 0093614
005 20231120111638.8
041 0 |a slo 
044 |a SK 
245 1 0 |a Ochrana materstva a rodičovstva v pracovnoprávnych vzťahoch  |c Katarína Svitanová 
520 |a Uznesenie Európskeho parlamentu k ochrane materstva a rodičovstav v pracovnoprávnych vzťahoch. Povinnosti zamestnávateľov. Rodičovská dovolenka. 
610 2 0 |a právo komunitárne 
610 2 0 |a materstvo 
610 2 0 |a dovolenka materská 
610 2 0 |a zamestnávatelia 
610 2 0 |a Európska únia 
100 1 |a Svitanová, Katarína